000
00232nam a2200097Ia 4500
001
939958
005
20250826215237.0
008
250824s9999 xx 000 0 und d
245
0
_a
MİDİLLİLER
_c
LAURA MARSH
260
_b
BETA YAYINLARI
999
_c
939958
_d
939958